00423nam a2200121Ia 4500041001200000082001200012100003800024245011200062260006600174300000900240650003000249650002200279 aEnglish aRM.0363 aMishra, NiharranjanuNIT Rourkela 0aEcotourism and sustainable rural livelihoods :bA prospective look in western Odisha / cNiharranjan Mishra aNew Delhi :bIndian Council of Social Science Research,c2013 a165p aEcotourismzIndiazOdisha aRural livelihoods